| 000 | 00688nam a22002177a 4500 | ||
|---|---|---|---|
| 999 |
_c15331 _d15331 |
||
| 003 | AR-CdUCM | ||
| 008 | 190422b ||||| |||| 00| 0 spa d | ||
| 020 | _a978-607-616-214-7 | ||
| 040 |
_aMUNICIPALIDAD PROVINCIAL DEL CUSCO _cBIBLIOTECA MUNICIPAL DEL CUSCO |
||
| 082 |
_aPI / 808.8 / _bS55 |
||
| 110 |
_aDisney Enterprises Inc. _932740 |
||
| 245 |
_aDisney Minnie : _bTesoros para llevar / |
||
| 260 |
_aMéxico : _bSilver Dolphin, _c2014. |
||
| 300 |
_bilustraciones, _c23 cm. |
||
| 440 |
_aDisney junior. _932786 |
||
| 650 |
_aCuento infantil _93319 |
||
| 650 |
_aPrimera infancia _924660 |
||
| 650 |
_aLiteratura infantil _9588 |
||
| 942 |
_2ddc _cLIBROS |
||
| 945 |
_arum _d2019-04-26 |
||